| 000 -LEADER |
| fixed length control field |
00646cam a22001817a 4500 |
| 020 ## - INTERNATIONAL STANDARD BOOK NUMBER |
| ISBN |
9251053839 (v. 1) |
| 020 ## - INTERNATIONAL STANDARD BOOK NUMBER |
| ISBN |
9789251067208 (v. 2) |
| 040 ## - CATALOGING SOURCE |
| Transcribing agency |
IBT |
| 082 00 - DEWEY DECIMAL CLASSIFICATION NUMBER |
| Classification number |
594 FOO 2005 A082 Or. |
| 245 00 - TITLE STATEMENT |
| Title |
Cephalopods of the world : |
| Remainder of title |
an annotated and illustrated catalogue of cephalopod species known to date / |
| 260 ## - PUBLICATION, DISTRIBUTION, ETC. (IMPRINT) |
| Place of publication |
Rome : |
| Name of publisher |
Food and Agriculture Organization of the United Nations, |
| Year of publication |
2005-<2010> |
| 300 ## - PHYSICAL DESCRIPTION |
| Number of Pages |
v. <1-2> |
| Other physical details |
ill. (some col.), maps (some col.) ; |
| Dimensions |
30 cm. |
| 650 #0 - SUBJECT ADDED ENTRY--TOPICAL TERM |
| Topical Term |
Cephalopoda. |
| 700 1# - ADDED ENTRY--PERSONAL NAME |
| Personal name |
Jereb, P. |
| 700 1# - ADDED ENTRY--PERSONAL NAME |
| Personal name |
Roper, Clyde F. E., |
| 856 41 - ELECTRONIC LOCATION AND ACCESS |
| Uniform Resource Identifier |
http://www.fao.org/docrep/009/a0150e/a0150e00.htm |
| 942 ## - ADDED ENTRY ELEMENTS (KOHA) |
| Koha item type |
សៀវភៅភាសាអង់គ្លេស |
| 952 ## - LOCATION AND ITEM INFORMATION (KOHA) |
| Withdrawn status [LOCAL, KOHA] |
0 |